Zamki w Polsce - Statystyki

Ogólne statystyki
  • Ten quiz został rozwiązany 176 razy
  • Średni wynik to 13 z 50
Statystyki odpowiedzi
Obrazkowy Odpowiedź % Poprawnych
Zamek krzyżacki w Malborku
97%
Zamek Królewski na Wawelu
80%
Zamek Królewski w Warszawie
77%
Zamek Książ
71%
Zamek Ogrodzieniec
60%
Zamek w Mosznej
56%
Zamek Czocha
47%
Zamek Krzyżtopór w Ujeździe
47%
Zamek Dunajec w Niedzicy
45%
Zamek w Chęcinach
44%
Zamek Królewski w Bobolicach
40%
Zamek Cesarski w Poznaniu
39%
Zamek Pieskowa Skała
39%
Zamek w Łańcucie
39%
Zamek w Olsztynie
39%
Zamek w Lidzbarku Warmińskim
28%
Zamek w Golubiu-Dobrzyniu
27%
Zamek w Lublinie
27%
Zamek w Mirowie
27%
Zamek Królewski w Sandomierzu
26%
Zamek krzyżacki w Gniewie
26%
Zamek w Krasiczynie
24%
Zamek krzyżacki w Kwidzynie
23%
Zamek w Radzyniu Chełmińskim
22%
Zamek Królewski w Będzinie
20%
Zamek w Wiśniczu
20%
Zamek w Kórniku
19%
Zamek Książąt Pomorskich w Darłowie
18%
Zamek Książąt Pomorskich w Szczecinie
17%
Zamek w Czorsztynie
17%
Zamek w Niepołomicach
16%
Zamek w Gołuchowie
15%
Zamek w Reszlu
14%
Zamek Chojnik
12%
Zamek krzyżacki w Świeciu
12%
Zamek w Ciechanowie
11%
Zamek w Bolkowie
10%
Zamek w Ostródzie
10%
Zamek w Siewierzu
9%
Zamek w Oporowie
8%
Zamek książąt mazowieckich w Czersku
7%
Zamek w Kole
7%
Zamek w Nidzicy
7%
Zamek Grodziec
5%
Zamek Kazimierzowski w Przemyślu
5%
Zamek w Szymbarku
5%
Zamek w Uniejowie
5%
Zamek w Kurzętniku
2%
Zamek w Pęzinie
2%
Zamek w Raciborzu
2%
Nie znaleziono quizów pasujących do podanych kryteriów
Rozkład punktacji
Procent ludzi z każdym wynikiem
Percentyl według liczby udzielonych odpowiedzi
Twoja historia wyników
Nie rozwiązałeś tego quizu